[Event "Guwahati Sakatam op 1st"]
[Site "Guwahati"]
[Date "2024.03.27"]
[Round "8"]
[White "Pran, Govinda Parashar Ka"]
[Black "Singh, Soram Rahul"]
[Result "1/2-1/2"]
[WhiteElo "1734"]
[BlackElo "1898"]
[PlyCount "107"]
[EventDate "2024.03.23"]
[EventType "swiss"]
[EventRounds "10"]
[EventCountry "IND"]
[SourceTitle "CB15_2024"]
[SourceDate "2024.04.10"]
[SourceVersion "1"]
[SourceVersionDate "2024.04.10"]
[SourceQuality "1"]

1. c4 e6 2. g3 d5 3. cxd5 exd5 4. d4 Nf6 5. Bg2 Bd6 6. Nc3 c6 7. a3 Bf5 8. b4 Nbd7 9. Nf3 h6 10. 0-0 0-0 11. b5 Ne4 12. Nxe4 Bxe4 13. bxc6 bxc6 14. Nd2 Bxg2 15. Kxg2 Qb6 16. Nf3 Rab8 17. a4 Rfe8 18. Be3 Qa6 19. Qc2 Rb4 20. Rfc1 Rc8 21. Qd3 Qxd3 22. exd3 Rb3 23. Rc2 Rxd3 24. Rac1 Nb8 25. Ne5 Bxe5 26. dxe5 d4 27. Bd2 Nd7 28. f4 c5 29. Bb4 Nb6 30. Rxc5 Rxc5 31. Rxc5 Rb3 32. Ba5 Rb2+ 33. Kf3 d3 34. Bxb6 axb6 35. Rb5 Rxh2 36. Rxb6 Ra2 37. Rd6 d2 38. a5 Ra3+ 39. Kf2 Ra2 40. Kf3 Ra3+ 41. Kf2 Rxa5 42. Rxd2 Ra3 43. Rd8+ Kh7 44. Rd6 Rb3 45. g4 Rb4 46. Kf3 Rb3+ 47. Kf2 Rb2+ 48. Kf3 Rb1 49. Rd7 Rb3+ 50. Kf2 Kg8 51. Rd8+ Kh7 52. Rd7 Kg8 53. Rd8+ Kh7 54. Rd7 1/2-1/2